Introduction to quantum mechanics / (Record no. 95959)

MARC details
000 -LEADER
fixed length control field 00892nam a22002537a 4500
005 - DATE AND TIME OF LATEST TRANSACTION
control field 20160212141411.0
010 ## - LCCN (DPL NO)
LC control number 1516EN07 ENG-114517
020 ## - INTERNATIONAL STANDARD BOOK NUMBER
International Standard Book Number 9789332542891
Terms of availability 599.00
035 ## - SYSTEM CONTROL NUMBER
System control number EN-98049
035 ## - SYSTEM CONTROL NUMBER
System control number B-614863-875
037 ## - SOURCE OF ACQUISITION
Stock number DPL
Source of stock number/acquisition Techniz/Ven
037 ## - SOURCE OF ACQUISITION
Source of stock number/acquisition DBAD/PUB
082 ## - DEWEY DECIMAL CLASSIFICATION NUMBER
Classification number 530.12
100 ## - MAIN ENTRY--PERSONAL NAME
Personal name Griffiths, David J.
245 ## - TITLE STATEMENT
Title Introduction to quantum mechanics /
Statement of responsibility, etc by David J.Griffiths
250 ## - EDITION STATEMENT
Edition statement 2nd ed
260 ## - PUBLICATION, DISTRIBUTION, ETC. (IMPRINT)
Place of publication, distribution, etc New Delhi
Name of publisher, distributor, etc Pearson Education
Date of publication, distribution, etc 2016
270 ## - ADDRESS
Address 11 Community Center, Panchsheel Park
City New Delhi
Postal code 110017
300 ## - PHYSICAL DESCRIPTION
Extent xii,480p. :
Dimensions 24cm(pbk)
Other physical details ill.
500 ## - GENERAL NOTE
General note Includes index
650 ## - SUBJECT ADDED ENTRY--TOPICAL TERM
Topical term or geographic name as entry element Quantum theory.
942 ## - ADDED ENTRY ELEMENTS (KOHA)
Source of classification or shelving scheme Dewey Decimal Classification
Item type English Books
Call number suffix GRI
Classification part 530.12
Holdings
Withdrawn status Lost status Not for loan Collection code Home library Current library Date acquired Source of acquisition Cost, normal purchase price Full call number Barcode Copy number Cost, replacement price Koha item type
      Non-fiction Bawana Bawana 12/02/2016 TZ-15261-H/24.9.2015/144/16.9.2015/4.11.2015 599.00 530.12 GRI B-614872 1 599.00 English Books
      Non-fiction Bawana Bawana 12/02/2016 TZ-15261-H/24.9.2015/144/16.9.2015/4.11.2015 599.00 530.12 GRI B-614874 1 599.00 English Books
      Non-fiction Central Library Central Library 12/02/2016 TZ-15261-H/24.9.2015/144/16.9.2015/4.11.2015 599.00 530.12 GRI B-614863 1 599.00 English Books
    Not For Loan Non-fiction D.B.Act.Division D.B.Act.Division 14/12/2015 DBAD/PUB 599.00 530.12 GRI EN-98049 1 599.00 English Books
      Non-fiction Janak Puri Janak Puri 12/02/2016 TZ-15261-H/24.9.2015/144/16.9.2015/4.11.2015 599.00 530.12 GRI B-614868 1 599.00 English Books
      Non-fiction Kasturba Gandhi Marg Kasturba Gandhi Marg 12/02/2016 TZ-15261-H/24.9.2015/144/16.9.2015/4.11.2015 599.00 530.12 GRI B-614866 1 599.00 English Books
      Non-fiction Narela Narela 12/02/2016 TZ-15261-H/24.9.2015/144/16.9.2015/4.11.2015 599.00 530.12 GRI B-614873 1 599.00 English Books
      Non-fiction New Police Line New Police Line 12/02/2016 TZ-15261-H/24.9.2015/144/16.9.2015/4.11.2015 599.00 530.12 GRI B-614864 1 599.00 English Books
      Non-fiction Patel Nagar Patel Nagar 12/02/2016 TZ-15261-H/24.9.2015/144/16.9.2015/4.11.2015 599.00 530.12 GRI B-614865 1 599.00 English Books
      Non-fiction Peshwa Road Peshwa Road 12/02/2016 TZ-15261-H/24.9.2015/144/16.9.2015/4.11.2015 599.00 530.12 GRI B-614867 1 599.00 English Books
      Non-fiction R.K.Puram-8 R.K.Puram-8 12/02/2016 TZ-15261-H/24.9.2015/144/16.9.2015/4.11.2015 599.00 530.12 GRI B-614870 1 599.00 English Books
      Non-fiction Sarojini Nagar Sarojini Nagar 12/02/2016 TZ-15261-H/24.9.2015/144/16.9.2015/4.11.2015 599.00 530.12 GRI B-614869 1 599.00 English Books
      Non-fiction Shahdara Branch Shahdara Branch 12/02/2016 TZ-15261-H/24.9.2015/144/16.9.2015/4.11.2015 599.00 530.12 GRI B-614875 1 599.00 English Books
      Non-fiction Vinoba Puri Vinoba Puri 12/02/2016 TZ-15261-H/24.9.2015/144/16.9.2015/4.11.2015 599.00 530.12 GRI B-614871 1 599.00 English Books

© Delhi Public Library
Hit Counter
free hit counter